[Event "La Palma Island op"]
[Site "Santa Cruz de La Palma"]
[Date "2022.08.07"]
[Round "3"]
[White "Capote Robayna, Nathaniel"]
[Black "Camps Abadia, Arnau"]
[Result "1-0"]
[WhiteElo "2150"]
[BlackElo "1790"]
[PlyCount "59"]
[EventDate "2022.08.06"]
[EventType "swiss"]
[EventRounds "9"]
[EventCountry "ESP"]
[SourceTitle "CBM 209 Extra"]
[Source "ChessBase"]
[SourceDate "2022.09.30"]
[SourceVersion "1"]
[SourceVersionDate "2022.09.30"]
[SourceQuality "1"]

1. d4 e6 2. Bf4 f5 3. Nf3 Nf6 4. e3 b6 5. Be2 Bb7 6. 0-0 Be7 7. c4 0-0 8. h3 Ne4 9. Bh2 Bf6 10. Nc3 Nxc3 11. bxc3 d6 12. Rc1 Nd7 13. Qb3 Qe7 14. c5 Kh8 15. cxd6 cxd6 16. Qa3 e5 17. dxe5 Bxe5 18. Nxe5 Nxe5 19. Rfd1 Qg5 20. Bg3 f4 21. exf4 Rxf4 22. Qxd6 Re8 23. Bf1 Rf6 24. Qxe5 Qg6 25. Qc7 Rf7 26. Rd7 Rxd7 27. Qxd7 Bc8 28. Qd6 Qf7 29. Bb5 Rf8 30. Re1 1-0

[Event "La Palma Island op"]
[Site "Santa Cruz de La Palma"]
[Date "2019.08.13"]
[Round "6"]
[White "Capote Robayna, Nathaniel"]
[Black "Barbot, Pierre"]
[Result "1/2-1/2"]
[WhiteElo "2200"]
[BlackElo "2441"]
[PlyCount "191"]
[EventDate "2019.08.09"]
[EventType "swiss"]
[EventRounds "10"]
[EventCountry "ESP"]
[SourceTitle "CBM 191 Extra"]
[Source "ChessBase"]
[SourceDate "2019.09.30"]
[SourceVersion "1"]
[SourceVersionDate "2019.09.30"]
[SourceQuality "1"]

1. e4 e5 2. Nf3 Nc6 3. Bb5 g6 4. c3 a6 5. Ba4 Bg7 6. 0-0 Nge7 7. d4 exd4 8. cxd4 b5 9. Bc2 d6 10. h3 0-0 11. Nc3 Bb7 12. Re1 Qd7 13. a4 b4 14. Ne2 f5 15. Bb3+ Kh8 16. exf5 Nxf5 17. d5 Ne5 18. Nfd4 Nxd4 19. Nxd4 Qf7 20. f4 Nd7 21. Ne6 Rfe8 22. Nxg7 Kxg7 23. Qd4+ Kg8 24. Bd2 a5 25. Rxe8+ Rxe8 26. Re1 Rxe1+ 27. Bxe1 Nb6 28. Bf2 Bxd5 29. Bxd5 Nxd5 30. Qa7 Nxf4 31. Qxa5 Ne2+ 32. Kf1 Qc4 33. Qb5 Qxb5 34. axb5 Nf4 35. Bg3 Nd5 36. Ke2 Kf7 37. Kd3 Ke6 38. Kd4 Nb6 39. b3 Nd5 40. Be1 Nf4 41. g3 Nxh3 42. Bxb4 Ng5 43. Ba5 Kd7 44. b6 Ne6+ 45. Kc4 cxb6 46. Bxb6 Kc6 47. Bf2 d5+ 48. Kc3 h5 49. Be1 Kc5 50. Bf2+ d4+ 51. Kd3 Kd5 52. b4 g5 53. Be1 Nc7 54. Bf2 Nb5 55. Be1 Na7 56. Bd2 h4 57. gxh4 gxh4 58. Ke2 Kc4 59. Bg5 d3+ 60. Kf3 h3 61. Kg3 Kxb4 62. Kxh3 Kc3 63. Kg2 Kc2 64. Kf1 Kd1 65. Be3 Nc6 66. Bf4 Na5 67. Bh6 Nc4 68. Bf4 Nb6 69. Be3 Nd5 70. Bg5 Nc3 71. Be3 Ne2 72. Kf2 Nc3 73. Kf1 Ne4 74. Bf4 Nf6 75. Bg5 Ng4 76. Bf4 Nf6 77. Bg5 Nh5 78. Bh6 Ng3+ 79. Kf2 Nf5 80. Bf4 Nh4 81. Kf1 Kc2 82. Bg5 Kc3 83. Bf6+ Kc2 84. Bg5 Nf3 85. Bf4 Nd4 86. Ke1 Nf3+ 87. Kf2 Nh4 88. Bh6 Nf5 89. Bf4 Nd4 90. Ke1 Ne6 91. Be3 Nd8 92. Bh6 Nf7 93. Bf4 Ne5 94. Kf1 Nc4 95. Ke1 d2+ 96. Bxd2 1/2-1/2

[Event "La Palma Island op"]
[Site "Santa Cruz de La Palma"]
[Date "2016.09.01"]
[Round "8"]
[White "Roeder, Mathias"]
[Black "Capote Robayna, Nathaniel"]
[Result "1/2-1/2"]
[WhiteElo "2386"]
[BlackElo "2193"]
[PlyCount "39"]
[EventDate "2016.08.27"]
[EventType "swiss"]
[EventRounds "9"]
[EventCountry "ESP"]
[SourceTitle "CBM 174 Extra"]
[Source "ChessBase"]
[SourceDate "2016.10.10"]
[SourceVersion "1"]
[SourceVersionDate "2016.10.10"]
[SourceQuality "1"]

1. Nf3 Nf6 2. c4 e6 3. g3 d5 4. Bg2 c5 5. 0-0 Nc6 6. d4 dxc4 7. dxc5 Qxd1 8. Rxd1 Bxc5 9. Nbd2 c3 10. bxc3 Bd7 11. Nb3 Be7 12. Nfd4 0-0-0 13. Bd2 e5 14. Nxc6 Bxc6 15. Bxc6 bxc6 16. c4 Ne4 17. Ba5 Rxd1+ 18. Rxd1 Nd6 19. Bb4 Rd8 20. Ba5 1/2-1/2

[Event "San Sebastian op 38th"]
[Site "San Sebastian"]
[Date "2015.03.29"]
[Round "3"]
[White "Capote Robayna, Nathaniel"]
[Black "Abalia Patino, Aritz"]
[Result "1/2-1/2"]
[WhiteElo "2277"]
[BlackElo "2049"]
[PlyCount "59"]
[EventDate "2015.03.28"]
[EventType "swiss"]
[EventRounds "9"]
[EventCountry "ESP"]
[SourceTitle "CBM 165 Extra"]
[Source "ChessBase"]
[SourceDate "2015.04.21"]
[SourceVersion "1"]
[SourceVersionDate "2015.04.21"]
[SourceQuality "1"]

1. e4 c5 2. Nf3 e6 3. d4 cxd4 4. Nxd4 a6 5. Bd3 Bc5 6. Nb3 Be7 7. Nc3 Qc7 8. 0-0 Nf6 9. a4 b6 10. Be3 d6 11. a5 b5 12. Bb6 Qb7 13. Re1 Nbd7 14. Bd4 e5 15. Be3 0-0 16. Qf3 Nc5 17. h3 Nxd3 18. cxd3 Be6 19. Nd2 d5 20. Bg5 b4 21. Nxd5 Nxd5 22. exd5 Bxd5 23. Qg3 Bxg5 24. Qxg5 f6 25. Qg3 Rac8 26. Rac1 Qb5 27. Rxc8 Rxc8 28. Ne4 Bxe4 29. Rxe4 Qxa5 30. Qg4 1/2-1/2

[Event "Benidorm op U2300 12th"]
[Site "Benidorm"]
[Date "2013.12.03"]
[Round "6"]
[White "Capote Robayna, Nathaniel"]
[Black "Garcia Garcia, Adrian Antonio"]
[Result "1/2-1/2"]
[WhiteElo "2128"]
[BlackElo "2050"]
[PlyCount "45"]
[EventDate "2013.11.29"]
[EventType "swiss"]
[EventRounds "10"]
[EventCountry "ESP"]
[SourceTitle "CBM 157 Extra"]
[Source "ChessBase"]
[SourceDate "2013.12.19"]
[SourceVersion "1"]
[SourceVersionDate "2013.12.19"]
[SourceQuality "1"]

1. e4 e5 2. Nf3 d6 3. d4 exd4 4. Nxd4 a6 5. Be2 Nf6 6. Nc3 Be7 7. 0-0 0-0 8. f4 c5 9. Nf3 Nc6 10. a4 Re8 11. f5 b6 12. Bc4 Bb7 13. Bf4 Nb4 14. e5 Bxf3 15. Qxf3 dxe5 16. Bxe5 Nxc2 17. Rad1 Nd4 18. Qf4 Ra7 19. Kh1 Qc8 20. Bxd4 cxd4 21. Rxd4 Bc5 22. Rd3 Qc6 23. Nd5 1/2-1/2

[Event "Las Palmas Montalvo Memorial 6th"]
[Site "Las Palmas"]
[Date "2013.03.31"]
[Round "9"]
[White "Capote Robayna, Johanna"]
[Black "Capote Robayna, Nathaniel"]
[Result "1/2-1/2"]
[WhiteElo "1813"]
[BlackElo "2073"]
[PlyCount "60"]
[EventDate "2013.03.25"]
[EventType "swiss"]
[EventRounds "9"]
[EventCountry "ESP"]
[SourceTitle "EXT 2014"]
[Source "ChessBase"]
[SourceDate "2013.11.20"]
[SourceVersion "1"]
[SourceVersionDate "2013.11.20"]
[SourceQuality "1"]

1. Nf3 Nf6 2. b3 d5 3. Bb2 e6 4. e3 Bd6 5. Be2 0-0 6. 0-0 c6 7. c4 Nbd7 8. Qc2 e5 9. cxd5 cxd5 10. Nc3 a6 11. a4 Nb8 12. d4 e4 13. Ne5 Qe7 14. f4 exf3 15. Rxf3 Nc6 16. Rd1 Be6 17. e4 Nxd4 18. Rxd4 Bxe5 19. Nxd5 Nxd5 20. exd5 Bxd4+ 21. Bxd4 Bxd5 22. Rg3 f6 23. Re3 Qf7 24. Bd3 g6 25. Rg3 f5 26. Ba1 Rfc8 27. Qb2 Kf8 28. Re3 Re8 29. Qh8+ Qg8 30. Qf6+ Qf7 1/2-1/2

[Event "Las Palmas Montalvo Memorial 6th"]
[Site "Las Palmas"]
[Date "2013.03.30"]
[Round "8"]
[White "Capote Robayna, Nathaniel"]
[Black "Brito Garcia, Alfredo"]
[Result "0-1"]
[WhiteElo "2073"]
[BlackElo "2313"]
[PlyCount "104"]
[EventDate "2013.03.25"]
[EventType "swiss"]
[EventRounds "9"]
[EventCountry "ESP"]
[SourceTitle "EXT 2014"]
[Source "ChessBase"]
[SourceDate "2013.11.20"]
[SourceVersion "1"]
[SourceVersionDate "2013.11.20"]
[SourceQuality "1"]

1. e4 d6 2. d4 Nf6 3. Nc3 Nbd7 4. Nf3 e5 5. dxe5 dxe5 6. Bc4 Bc5 7. 0-0 0-0 8. Bg5 h6 9. Bh4 c6 10. Qe2 Qc7 11. a4 Nh5 12. Ba2 Nf4 13. Qc4 Bd6 14. Rfd1 Nb6 15. Qf1 Bg4 16. Rd2 Bxf3 17. gxf3 Be7 18. Bg3 Ng6 19. a5 Nd7 20. Qh3 Nf6 21. Qf5 Kh7 22. Rad1 Qc8 23. Re2 Qe8 24. Bxe5 Kh8 25. Bg3 Bb4 26. Red2 Qe7 27. e5 Bxc3 28. bxc3 Qc5 29. Bxf7 Ne7 30. Qh3 Rxf7 31. exf6 Rxf6 32. Bd6 Qg5+ 33. Qg3 Qf5 34. Kh1 Ng6 35. Bc7 Rf7 36. Rd6 Kh7 37. R6d3 Re8 38. c4 Rc8 39. Bd6 Qxa5 40. Qg4 Re8 41. Rg1 Rf6 42. c5 Re1 43. Rd1 Rxg1+ 44. Rxg1 Qc3 45. Rg3 Qxc2 46. Kg2 Qf5 47. Qa4 Re6 48. Qg4 Rf6 49. Qa4 b5 50. Qxa7 Nh4+ 51. Kh1 Rg6 52. Qa3 Qb1+ 0-1

[Event "Benidorm Nuevas Generaciones U16 8th"]
[Site "Benidorm"]
[Date "2012.12.05"]
[Round "1"]
[White "Tormo Bas, Gonzalo"]
[Black "Capote Robayna, Nathaniel"]
[Result "0-1"]
[WhiteElo "1681"]
[BlackElo "2038"]
[PlyCount "51"]
[EventDate "2012.12.05"]
[EventType "swiss"]
[EventRounds "7"]
[EventCountry "ESP"]
[SourceTitle "EXT 2022"]
[Source "ChessBase"]
[SourceDate "2021.10.06"]
[SourceVersion "1"]
[SourceVersionDate "2021.10.06"]
[SourceQuality "1"]

1. d4 Nf6 2. Nf3 c5 3. e3 d5 4. Bd3 g6 5. b3 cxd4 6. exd4 Bg7 7. Bb2 0-0 8. 0-0 Nc6 9. Nbd2 Qb6 10. c3 Re8 11. Re1 Nh5 12. Ne5 Nf4 13. Bc2 Nxe5 14. dxe5 Qc7 15. Nf3 Bg4 16. Qd4 Nh3+ 17. Kf1 Bxf3 18. gxf3 Ng5 19. Qg4 Ne6 20. f4 Nf8 21. h4 f5 22. exf6 exf6 23. f5 Qh2 24. fxg6 hxg6 25. c4 f5 26. Bxf5 0-1

[Event "ESP-ch U18"]
[Site "Salobrena"]
[Date "2012.07.26"]
[Round "6"]
[White "Perera Borrego, Mariela"]
[Black "Capote Robayna, Nathaniel"]
[Result "1/2-1/2"]
[WhiteElo "2066"]
[BlackElo "2044"]
[PlyCount "108"]
[EventDate "2012.07.23"]
[EventType "swiss"]
[EventRounds "9"]
[EventCountry "ESP"]
[SourceTitle "EXT 2014"]
[Source "ChessBase"]
[SourceDate "2013.11.20"]
[SourceVersion "1"]
[SourceVersionDate "2013.11.20"]
[SourceQuality "1"]

1. d4 Nf6 2. Nf3 g6 3. g3 Bg7 4. Bg2 0-0 5. 0-0 d6 6. c4 Nbd7 7. Nc3 e5 8. e4 c6 9. h3 Qe7 10. Re1 exd4 11. Nxd4 Nc5 12. Bf4 Rd8 13. Qd2 Nfd7 14. b4 Ne5 15. bxc5 dxc5 16. Nxc6 bxc6 17. Qc2 Nxc4 18. Rac1 g5 19. Be3 Ne5 20. Red1 Ba6 21. Na4 Nd3 22. Bxc5 Qc7 23. Rb1 Bb5 24. Be3 Qe5 25. Nc5 Nxc5 26. Bxc5 Rxd1+ 27. Rxd1 Ba4 28. Qxa4 Qxc5 29. Rd2 Be5 30. Rc2 Qb5 31. Qxb5 cxb5 32. Rc5 f6 33. Rxb5 Rb8 34. Rxb8+ Bxb8 35. Kf1 Kf7 36. Ke2 Ke6 37. Ke3 f5 38. exf5+ Kf6 39. Ke4 h6 40. Bf1 Bc7 41. Bd3 Bd6 42. a4 Bc7 43. Kf3 Bb6 44. Bc2 Bc5 45. Kg2 Bd6 46. Kf3 Bc5 47. Ke2 Bb6 48. f3 Bc7 49. Kf2 Bb6+ 50. Kg2 Bc7 51. h4 gxh4 52. gxh4 Bf4 53. Kh3 Bd6 54. Kg4 Bc7 1/2-1/2

[Event "Las Palmas Montalvo Memorial 5th"]
[Site "Las Palmas"]
[Date "2012.04.08"]
[Round "9"]
[White "Alvarado Diaz, Alejandro"]
[Black "Capote Robayna, Nathaniel"]
[Result "1-0"]
[WhiteElo "2219"]
[BlackElo "2054"]
[PlyCount "81"]
[EventDate "2012.04.02"]
[EventType "swiss"]
[EventRounds "9"]
[EventCountry "ESP"]
[SourceTitle "CBM 147 Extra"]
[Source "ChessBase"]
[SourceDate "2012.04.24"]
[SourceVersion "1"]
[SourceVersionDate "2012.04.24"]
[SourceQuality "1"]

1. g3 Nf6 2. Bg2 g6 3. e4 d6 4. Ne2 Bg7 5. c4 Nbd7 6. Nbc3 0-0 7. 0-0 e5 8. d3 c6 9. Rb1 Nc5 10. h3 Ne6 11. Be3 Re8 12. Qd2 Nd7 13. Kh2 Nd4 14. f4 f5 15. b4 Nf8 16. b5 Nfe6 17. bxc6 bxc6 18. exf5 gxf5 19. Bxd4 Nxd4 20. Nxd4 exd4 21. Nb5 d5 22. Rfe1 Rxe1 23. Rxe1 Bb7 24. Na3 Qd6 25. Qb2 Ba6 26. Qb3 Bf8 27. Nb5 Qc5 28. Qa4 Bxb5 29. cxb5 cxb5 30. Qb3 Rd8 31. Re5 Qc3 32. Bxd5+ Kh8 33. Qxb5 a6 34. Qb3 Qd2+ 35. Bg2 Bd6 36. Rxf5 Rg8 37. Qd5 Qf2 38. Rg5 Rxg5 39. Qxg5 Bc7 40. Qf6+ Kg8 41. Qe6+ 1-0

[Event "Las Palmas Montalvo Memorial 5th"]
[Site "Las Palmas"]
[Date "2012.04.07"]
[Round "8"]
[White "Capote Robayna, Nathaniel"]
[Black "Ramirez Medina, Victor"]
[Result "1-0"]
[WhiteElo "2054"]
[BlackElo "1863"]
[PlyCount "51"]
[EventDate "2012.04.02"]
[EventType "swiss"]
[EventRounds "9"]
[EventCountry "ESP"]
[SourceTitle "CBM 147 Extra"]
[Source "ChessBase"]
[SourceDate "2012.04.24"]
[SourceVersion "1"]
[SourceVersionDate "2012.04.24"]
[SourceQuality "1"]

1. e4 c5 2. Nf3 d6 3. d4 cxd4 4. Nxd4 Nf6 5. Nc3 a6 6. Bg5 e6 7. Qd2 Be7 8. 0-0-0 Qc7 9. Be2 Nbd7 10. f4 0-0 11. Bf3 Nb6 12. Rhe1 Rd8 13. Qe2 e5 14. Nf5 exf4 15. Bxf4 Nc4 16. Nxe7+ Kf8 17. Ned5 Nxd5 18. Nxd5 Qc5 19. Be3 Nxe3 20. Qxe3 Qc6 21. Nb6 Rb8 22. e5 Qb5 23. Qb3 Qc5 24. Na4 Qc7 25. exd6 Rxd6 26. Qa3 1-0

[Event "Las Palmas Montalvo Memorial 5th"]
[Site "Las Palmas"]
[Date "2012.04.05"]
[Round "5"]
[White "Kleine, Peter"]
[Black "Capote Robayna, Nathaniel"]
[Result "0-1"]
[WhiteElo "1833"]
[BlackElo "2054"]
[PlyCount "64"]
[EventDate "2012.04.02"]
[EventType "swiss"]
[EventRounds "9"]
[EventCountry "ESP"]
[SourceTitle "CBM 147 Extra"]
[Source "ChessBase"]
[SourceDate "2012.04.24"]
[SourceVersion "1"]
[SourceVersionDate "2012.04.24"]
[SourceQuality "1"]

1. Nh3 d5 2. g3 Nf6 3. Bg2 c5 4. c3 Bf5 5. 0-0 e5 6. d4 e4 7. Bg5 Nbd7 8. Qa4 Qb6 9. Bxf6 Qxf6 10. Nf4 Qc6 11. Qd1 c4 12. b3 cxb3 13. Qxb3 Nb6 14. Nd2 Be7 15. e3 Rc8 16. Rfc1 g5 17. Bf1 Nc4 18. Nxd5 Nxd2 19. Bb5 Nxb3 20. Bxc6+ bxc6 21. Nxe7 Nxc1 22. Nxc8 Ne2+ 23. Kf1 Bxc8 24. Kxe2 Ba6+ 25. Kd2 Kd7 26. Rb1 Kc7 27. Rb4 Bb5 28. c4 a5 29. Rb2 Bxc4 30. Rc2 Bd5 31. Rc5 Kb6 32. a4 Ka6 0-1

[Event "Las Palmas Montalvo Memorial 5th"]
[Site "Las Palmas"]
[Date "2012.04.04"]
[Round "3"]
[White "Perez Castellano, Yaiza"]
[Black "Capote Robayna, Nathaniel"]
[Result "0-1"]
[WhiteElo "1642"]
[BlackElo "2054"]
[PlyCount "58"]
[EventDate "2012.04.02"]
[EventType "swiss"]
[EventRounds "9"]
[EventCountry "ESP"]
[SourceTitle "CBM 147 Extra"]
[Source "ChessBase"]
[SourceDate "2012.04.24"]
[SourceVersion "1"]
[SourceVersionDate "2012.04.24"]
[SourceQuality "1"]

1. e4 e6 2. d4 d5 3. Nd2 Nf6 4. Bd3 c5 5. e5 Nfd7 6. c3 Nc6 7. Qg4 cxd4 8. cxd4 h5 9. Qf4 g5 10. Qe3 Qb6 11. Ne2 Bh6 12. Nb3 a5 13. f4 gxf4 14. Nxf4 a4 15. Nc5 Qb4+ 16. Kd1 Nxc5 17. dxc5 a3 18. Rb1 Ra4 19. Rf1 axb2 20. Rxb2 Qc3 21. Ne2 Qxb2 22. Qxh6 Rxh6 23. Bxb2 Rxa2 24. Bc1 Rh8 25. Bf4 Bd7 26. Nc3 Ra3 27. Kc2 d4 28. Nb5 Nb4+ 29. Kb2 Rxd3 0-1

[Event "Las Palmas Montalvo Memorial 5th"]
[Site "Las Palmas"]
[Date "2012.04.03"]
[Round "2"]
[White "Capote Robayna, Nathaniel"]
[Black "Espinosa Aranda, Angel"]
[Result "0-1"]
[WhiteElo "2054"]
[BlackElo "2399"]
[PlyCount "70"]
[EventDate "2012.04.02"]
[EventType "swiss"]
[EventRounds "9"]
[EventCountry "ESP"]
[SourceTitle "CBM 147 Extra"]
[Source "ChessBase"]
[SourceDate "2012.04.24"]
[SourceVersion "1"]
[SourceVersionDate "2012.04.24"]
[SourceQuality "1"]

1. e4 c5 2. Nf3 Nc6 3. d4 cxd4 4. Nxd4 Nf6 5. Nc3 d6 6. Bg5 Qa5 7. Bxf6 gxf6 8. Nb3 Qg5 9. Nd5 Rb8 10. f4 Qg6 11. Qd3 Bh6 12. g3 0-0 13. 0-0-0 Bd7 14. Kb1 Rbc8 15. Be2 f5 16. e5 Bg7 17. Nd4 Rfe8 18. Nf3 dxe5 19. fxe5 Nxe5 20. Nxe5 Bxe5 21. Qe3 Bd6 22. Nf4 Qh6 23. Qb3 b5 24. Bh5 Rc4 25. Be2 Rb4 26. Qe3 Bc6 27. Rhg1 Qf6 28. c3 Re4 29. Qxa7 b4 30. Qb6 Ba4 31. Bb5 Bxb5 32. Qxb5 Rc8 33. Rd5 bxc3 34. Rxf5 c2+ 35. Kc1 Qd4 0-1

[Event "Las Palmas Montalvo Memorial 5th"]
[Site "Las Palmas"]
[Date "2012.04.02"]
[Round "1"]
[White "Santana Rodriguez, Jose Raul"]
[Black "Capote Robayna, Nathaniel"]
[Result "0-1"]
[WhiteElo "1823"]
[BlackElo "2054"]
[PlyCount "96"]
[EventDate "2012.04.02"]
[EventType "swiss"]
[EventRounds "9"]
[EventCountry "ESP"]
[SourceTitle "CBM 147 Extra"]
[Source "ChessBase"]
[SourceDate "2012.04.24"]
[SourceVersion "1"]
[SourceVersionDate "2012.04.24"]
[SourceQuality "1"]

1. d4 Nf6 2. c4 c5 3. d5 b5 4. cxb5 a6 5. b6 e6 6. Nc3 Qxb6 7. e4 exd5 8. exd5 d6 9. Bg5 Be7 10. Qb3 Qxb3 11. axb3 0-0 12. Nf3 Bg4 13. Be3 Nbd7 14. Rxa6 Rxa6 15. Bxa6 Ra8 16. Bd3 Ra1+ 17. Bb1 Bf5 18. 0-0 Bxb1 19. Nd2 Nb6 20. Rxb1 Rxb1+ 21. Ndxb1 Nfxd5 22. Nxd5 Nxd5 23. Nc3 Nb4 24. Kf1 f5 25. Na4 Kf7 26. Ke2 Ke6 27. Bd2 Nc6 28. Bc3 g5 29. Kd3 d5 30. Nb6 Bd8 31. Na4 d4 32. Be1 Kd5 33. b4 cxb4 34. b3 Ne5+ 35. Kc2 d3+ 36. Kd2 g4 37. Nb2 Kd4 38. Kd1 Be7 39. Bd2 Ke4 40. Bc1 Bc5 41. Ke1 f4 42. Nd1 Bd4 43. Bd2 Bc5 44. Bc1 h5 45. Bb2 Bd4 46. Bxd4 Kxd4 47. Kd2 h4 48. Nb2 h3 0-1

[Event "Las Palmas op 32nd"]
[Site "Las Palmas"]
[Date "2011.12.07"]
[Round "8"]
[White "Capote Robayna, Nathaniel"]
[Black "Brito Garcia, Alfredo"]
[Result "0-1"]
[WhiteElo "2041"]
[BlackElo "2315"]
[PlyCount "42"]
[EventDate "2011.12.02"]
[EventType "swiss"]
[EventRounds "9"]
[EventCountry "ESP"]
[SourceTitle "CBM 145 Extra"]
[Source "ChessBase"]
[SourceDate "2012.01.03"]
[SourceVersion "1"]
[SourceVersionDate "2012.01.03"]
[SourceQuality "1"]

1. d4 Nf6 2. c4 g6 3. Nc3 Bg7 4. e4 d6 5. Nf3 0-0 6. Be2 Na6 7. 0-0 c5 8. d5 Nc7 9. h3 a6 10. Qc2 Bd7 11. Rb1 b5 12. b3 b4 13. Nd1 Nxe4 14. Bd3 Nf6 15. Bg5 e5 16. dxe6 Nxe6 17. Bh4 Bc6 18. Ng5 Nd4 19. Qd2 h6 20. Ne4 Nxe4 21. Bxe4 Qxh4 0-1

[Event "Las Palmas op 32nd"]
[Site "Las Palmas"]
[Date "2011.12.06"]
[Round "6"]
[White "Capote Robayna, Nathaniel"]
[Black "Leon Varela, Luis"]
[Result "0-1"]
[WhiteElo "2041"]
[BlackElo "2158"]
[PlyCount "120"]
[EventDate "2011.12.02"]
[EventType "swiss"]
[EventRounds "9"]
[EventCountry "ESP"]
[SourceTitle "CBM 145 Extra"]
[Source "ChessBase"]
[SourceDate "2012.01.03"]
[SourceVersion "1"]
[SourceVersionDate "2012.01.03"]
[SourceQuality "1"]

1. e4 c5 2. Nf3 d6 3. d4 cxd4 4. Nxd4 Nf6 5. Nc3 g6 6. f3 Bg7 7. Be3 0-0 8. Qd2 Nc6 9. 0-0-0 Bd7 10. g4 Rc8 11. Kb1 Ne5 12. h3 Nc4 13. Bxc4 Rxc4 14. Qd3 Qc8 15. Nde2 b5 16. Bd4 e5 17. Be3 b4 18. g5 bxc3 19. gxf6 Bxf6 20. Nxc3 Be6 21. h4 h5 22. Rdg1 Rd8 23. Nd5 Bxd5 24. Qxd5 Kf8 25. c3 a6 26. Rd1 Ke7 27. Qd2 Qe6 28. b3 Rb8 29. Kc2 Rc6 30. Bg5 a5 31. Qd5 Qxd5 32. Rxd5 Bxg5 33. hxg5 a4 34. Ra5 axb3+ 35. axb3 Rb7 36. Rh4 f6 37. f4 fxg5 38. fxg5 Ke6 39. Ra8 Rf7 40. Re8+ Kd7 41. Rg8 Rf2+ 42. Kd3 Rf3+ 43. Ke2 Rcxc3 44. Rxg6 Rxb3 45. Rh1 Rbe3+ 46. Kd2 Rxe4 47. Rxh5 Rd4+ 48. Ke2 Rb3 49. Rhh6 Kc6 50. Rf6 Kc5 51. Rh7 Rb2+ 52. Ke3 Rb3+ 53. Ke2 Kd5 54. Rd7 Rb2+ 55. Ke3 Rb3+ 56. Ke2 Rb6 57. g6 Ke4 58. g7 Rb2+ 59. Ke1 Ke3 60. Rf3+ Kxf3 0-1

[Event "Las Palmas op 32nd"]
[Site "Las Palmas"]
[Date "2011.12.05"]
[Round "5"]
[White "Garcia Blanco, Omar"]
[Black "Capote Robayna, Nathaniel"]
[Result "1/2-1/2"]
[WhiteElo "2204"]
[BlackElo "2041"]
[PlyCount "101"]
[EventDate "2011.12.02"]
[EventType "swiss"]
[EventRounds "9"]
[EventCountry "ESP"]
[SourceTitle "CBM 145 Extra"]
[Source "ChessBase"]
[SourceDate "2012.01.03"]
[SourceVersion "1"]
[SourceVersionDate "2012.01.03"]
[SourceQuality "1"]

1. e4 e6 2. d4 d5 3. Nd2 dxe4 4. Nxe4 Nd7 5. Nf3 Ngf6 6. Nxf6+ Nxf6 7. Be3 Be7 8. Qd2 0-0 9. 0-0-0 b6 10. Ne5 Bb7 11. Rg1 c5 12. dxc5 Qc7 13. c6 Rad8 14. Bd4 Bc5 15. Qe3 Bxd4 16. Rxd4 Rxd4 17. Qxd4 Rd8 18. Qe3 Nd5 19. Qe4 Nf6 20. Qe3 Nd5 21. Qe4 Nf6 22. Qe1 Bxc6 23. Nxc6 Qxc6 24. Kb1 Ne4 25. Bd3 Nc5 26. Be2 Ne4 27. Bf3 Rd4 28. Qe3 Qd5 29. c4 Qe5 30. Rd1 Rxd1+ 31. Bxd1 Qd6 32. Kc1 Nc5 33. Qd2 Qc7 34. b4 Nd7 35. Be2 a5 36. a3 axb4 37. axb4 g6 38. Qd4 e5 39. Qc3 Qd6 40. Qd2 Qxd2+ 41. Kxd2 Kf8 42. g4 Ke7 43. g5 Kd6 44. Bg4 f5 45. Bd1 Nf8 46. h4 Ne6 47. Ke3 Nf4 48. Bf3 Ke6 49. Bc6 Kd6 50. Bf3 Ke6 51. Bc6 1/2-1/2

[Event "Canarias-ch U20"]
[Site "Tenerife"]
[Date "2011.06.10"]
[Round "3"]
[White "Capote Robayna, Nathaniel"]
[Black "Alvarado Diaz, Alejandro"]
[Result "1-0"]
[WhiteElo "1978"]
[BlackElo "2116"]
[PlyCount "81"]
[EventDate "2011.06.08"]
[EventType "tourn"]
[EventRounds "7"]
[EventCountry "ESP"]
[SourceTitle "EXT 2013"]
[Source "ChessBase"]
[SourceDate "2012.11.22"]
[SourceVersion "1"]
[SourceVersionDate "2012.11.22"]
[SourceQuality "1"]

1. e4 c5 2. Nf3 e6 3. d3 Nc6 4. g3 g6 5. Bg2 Bg7 6. 0-0 Nge7 7. Nc3 0-0 8. Ng5 h6 9. Nh3 Rb8 10. f4 d5 11. f5 gxf5 12. exd5 Nxd5 13. Nxd5 exd5 14. Nf4 Be6 15. Nh5 Kh7 16. Qd2 Rh8 17. Bh3 Qd7 18. Nxg7 Kxg7 19. Qc3+ Kg6 20. Qxc5 Rbc8 21. Qe3 d4 22. Qf3 Ne7 23. Qf2 Rc5 24. c4 Rcc8 25. b3 Rcd8 26. Bd2 Kg7 27. Rae1 Rdg8 28. Bf4 h5 29. Be5+ f6 30. Bxd4 h4 31. Bg2 hxg3 32. hxg3 Kf7 33. Bc5 Qxd3 34. Rxe6 Kxe6 35. Re1+ Kd7 36. Rxe7+ Kd8 37. Re3 Qd1+ 38. Re1 Qd3 39. Bxa7 Qxg3 40. Qb6+ Qc7 41. Rd1+ 1-0

[Event "Canarias-ch U20"]
[Site "Tenerife"]
[Date "2011.06.09"]
[Round "2"]
[White "Rodriguez Lapetra, Pablo"]
[Black "Capote Robayna, Nathaniel"]
[Result "1/2-1/2"]
[WhiteElo "2105"]
[BlackElo "1978"]
[PlyCount "101"]
[EventDate "2011.06.08"]
[EventType "tourn"]
[EventRounds "7"]
[EventCountry "ESP"]
[SourceTitle "EXT 2013"]
[Source "ChessBase"]
[SourceDate "2012.11.22"]
[SourceVersion "1"]
[SourceVersionDate "2012.11.22"]
[SourceQuality "1"]

1. e4 e6 2. d4 d5 3. Nc3 Nf6 4. Bg5 Bb4 5. e5 h6 6. Be3 Ne4 7. Nge2 c5 8. a3 Nxc3 9. Nxc3 Ba5 10. Qg4 g6 11. dxc5 Bxc3+ 12. bxc3 Qc7 13. Qf4 Nc6 14. Bb5 Bd7 15. Bxc6 Bxc6 16. Qf6 Rh7 17. Bd4 Qe7 18. Qxe7+ Kxe7 19. a4 Rg7 20. Kd2 a5 21. Rhb1 g5 22. Rb6 Kd7 23. f3 h5 24. Rbb1 Ke7 25. Ra3 Kd7 26. Ra2 Rg6 27. g3 Rg7 28. Raa1 Ke7 29. Rf1 g4 30. f4 Rh7 31. h4 gxh3 32. Rh1 h4 33. g4 Rg8 34. g5 h2 35. Rxh2 h3 36. Ke2 Rgh8 37. Kf2 Rh4 38. Kg3 R4h7 39. Rah1 Rh5 40. Ra1 R5h7 41. Be3 Rh5 42. Bd2 R5h7 43. c4 dxc4 44. Bxa5 Ra8 45. Bb4 Rxa4 46. Rxa4 Bxa4 47. c3 Bc6 48. Rxh3 Rxh3+ 49. Kxh3 Kd7 50. Kg4 Be4 51. Kg3 1/2-1/2

[Event "Canarias-ch 29th"]
[Site "Amurga de San Fdo Maspal"]
[Date "2011.05.28"]
[Round "6"]
[White "Capote Robayna, Nathaniel"]
[Black "Santana Montjoy, Javier"]
[Result "1-0"]
[WhiteElo "1978"]
[BlackElo "1630"]
[PlyCount "57"]
[EventDate "2011.05.27"]
[EventType "swiss"]
[EventRounds "7"]
[EventCountry "ESP"]
[SourceTitle "EXT 2013"]
[Source "ChessBase"]
[SourceDate "2012.11.22"]
[SourceVersion "1"]
[SourceVersionDate "2012.11.22"]
[SourceQuality "1"]

1. e4 c5 2. Nf3 d6 3. d3 g6 4. g3 Bg7 5. Bg2 Nf6 6. 0-0 0-0 7. Nbd2 Nc6 8. c3 Bg4 9. Qc2 Rc8 10. Re1 Qd7 11. Nc4 Ne8 12. Qd2 b5 13. Ne3 Bxf3 14. Bxf3 Nc7 15. Bg2 b4 16. Qc2 a5 17. a4 e6 18. Bd2 d5 19. exd5 Nxd5 20. Nc4 Rb8 21. Ne3 Nde7 22. Rad1 Rfd8 23. Bc1 Qa7 24. Ng4 bxc3 25. bxc3 Qb6 26. Bg5 Rb7 27. Rb1 Qa6 28. Rxb7 Qxb7 29. Bxe7 1-0